000 00891nam a2200289Ia 4500
003 OSt
005 20221006153705.0
006 a|||||r|||| 00| 0
007 ta
008 221006b |||||||| |||| 00| 0 eng d
020 _a082482024X
_c¥4150
020 _a9780824820787
024 _a33,067
037 _bGift, Japan Foundation
_cAnnuals, Advances
040 _aEASL
_cEASL
_beng
041 _2eng
_aeng
082 _aQ4v42.K00<-F85, N8
100 _aPAYNE Richard K. Ed.
_921912
245 0 _aRe-Visioning Kamakura Buddhism
260 _aHonolulu
_bUnivrsity of Hawaii Press
_c1998
300 _aviii,280p.
_ccm.
490 _v JEL
_aStudies in Asian Buddhism 11
650 _a JEL
650 _aBuddhism - Japan - History
942 _hQ4v42.K00<-F85, N8
_cREF
_2CC
999 _c1101153
_d1101153